[Event "Challenge"]
[Site "http://www.queenalice.com/game.php?id=10666"]
[Date "2005.4.23"]
[Round "-"]
[White "Tiago"]
[Black "TheSimple"]
[Result "1-0"]
[WhiteElo "1245"]
[BlackElo "1100"]

1. b3 b5 2. Bb2 Bb7 3. Nh3 e6 4. e3 Nf6 5. Rg1 a6 6. g4 Bd6 7. g5 Ne4 8. Bd3
Bxh2 9. Rg4 f5 10. Rg2 Nc3 11. Qh5+ g6 12. Qh6 Bxg2 13. Bxc3 Rf8 14. Qxh7 Qe7
15. Qh4 Bd6 16. Ke2 e5 17. a3 Qg7 18. Ba5 Bxh3 19. Qxh3 e4 20. Bxe4 fxe4 21. Nc3
Nc6 22. Bb6 1-0

[Event "Let's Play Chess!"]
[Site "http://www.queenalice.com/game.php?id=55161"]
[Date "2006.2.28"]
[Round "-"]
[White "TheSimple"]
[Black "Mayaune"]
[Result "0-1"]
[WhiteElo "1173"]
[BlackElo "1547"]

1. d4 f5 2. c4 Nf6 3. Nc3 g6 4. Nf3 Bg7 5. g3 d5 6. cxd5 O-O 7. e3 Ne4 8. Bg2
Na6 9. Ne5 Nxc3 10. bxc3 Bxe5 11. dxe5 Nc5 12. O-O Ne4 13. Qb3 Kg7 14. Bxe4 fxe4
15. e6 b6 0-1

[Event "Let's Play Chess!"]
[Site "http://www.queenalice.com/game.php?id=55164"]
[Date "2006.2.28"]
[Round "-"]
[White "philb"]
[Black "TheSimple"]
[Result "0-1"]
[WhiteElo "1175"]
[BlackElo "973"]

1. e4 e5 2. d3 Nf6 3. f3 d5 4. Bg5 dxe4 5. fxe4 Be7 6. d4 Nxe4 7. d5 Bxg5 8. h4
Bf4 9. Ne2 Qf6 10. Qd3 Bg3+ 11. Kd1 Nf2+ 12. Kd2 Nxd3 13. Nxg3 Nxb2 14. Ne4 Qf4+
15. Kc3 Nd1+ 16. Kd3 Bf5 17. Be2 Bxe4+ 18. Kc4 Bxd5+ 19. Kxd5 Qd4# 0-1

[Event "Let's Play Chess!"]
[Site "http://www.queenalice.com/game.php?id=55166"]
[Date "2006.2.28"]
[Round "-"]
[White "mc3"]
[Black "TheSimple"]
[Result "1-0"]
[WhiteElo "1245"]
[BlackElo "1120"]

1. e4 e5 2. Nf3 Nf6 3. Nc3 Bb4 4. Nxe5 d6 5. Nf3 Bxc3 6. dxc3 Nxe4 7. Be3 O-O 8.
Qd5 Qe7 9. Bd3 Nf6 10. Qg5 Nc6 11. O-O 1-0

[Event "Let's Play Chess!"]
[Site "http://www.queenalice.com/game.php?id=55174"]
[Date "2006.2.28"]
[Round "-"]
[White "TheSimple"]
[Black "mc3"]
[Result "0-1"]
[WhiteElo "1169"]
[BlackElo "1226"]

1. d4 Nf6 2. c4 d5 3. cxd5 Nxd5 4. e4 Nf6 5. e5 Bg4 6. Nf3 Nd5 7. Be2 e6 8. Nc3
Bxf3 9. Bxf3 Bb4 10. Bd2 O-O 11. Nxd5 exd5 0-1

[Event "Let's Play Chess!"]
[Site "http://www.queenalice.com/game.php?id=1298122"]
[Date "2014.7.30"]
[Round "-"]
[White "igorjava"]
[Black "TheSimple"]
[Result "0-1"]
[WhiteElo "1866"]
[BlackElo "1070"]

1. e4 e5 2. f4 exf4 3. Nf3 d6 4. d4 Be7 5. Bxf4 Nf6 6. Nbd2 O-O 7. Bc4 d5 8.
exd5 Bd6 9. Bg5 Re8+ 10. Kf2 Bg4 11. Re1 Nbd7 12. h3 Rxe1 13. Qxe1 Bh5 14. Ne5
Bg6 15. Nxd7 Qxd7 16. Bxf6 gxf6 17. c3 Re8 18. Qf1 Bf4 19. Qd1 Qe7 20. Kg1 Qe3+
21. Kh1 Qxd2 22. Qf1 Bg3 23. Qxf6 Re1+ 24. Rxe1 Qxe1+ 25. Qf1 Qxf1+ 26. Bxf1 Bf4
27. Be2 Be4 28. c4 Be3 29. b4 Bxd4 30. a4 Bc3 31. b5 Bc2 32. g4 Bxa4 33. Kg2 Bb4
34. Kf3 c6 35. Ke4 cxb5 36. cxb5 f6 37. Bc4 Kf8 38. Kf5 Ke7 39. h4 Bc2+ 40. Kf4
Bd2+ 41. Kf3 Kd6 42. Ke2 Bc3 43. Kf3 Be5 44. Ke3 Kc5 45. Be2 b6 46. h5 Kxd5 47.
Kd2 Bb3 0-1

[Event "Let's Play Chess!"]
[Site "http://www.queenalice.com/game.php?id=1298123"]
[Date "2014.7.30"]
[Round "-"]
[White "TheSimple"]
[Black "gobblemate"]
[Result "1/2-1/2"]
[WhiteElo "1070"]
[BlackElo "1639"]

1. d4 d5 2. c4 e6 3. Nc3 Nf6 4. Nf3 c6 5. cxd5 Nxd5 6. e4 Ne7 7. Be2 b5 8. a3
Ng6 9. Bg5 Be7 10. h4 f6 11. Be3 O-O 12. h5 Nh8 13. Nh4 a5 14. g4 Nf7 15. Qd2
Nd7 16. d5 exd5 17. exd5 Nde5 18. f4 Nxg4 19. Bxg4 Bxg4 20. dxc6 Nd6 21. O-O Nc4
22. Qxd8 Rfxd8 23. Bc1 b4 24. axb4 axb4 25. Rxa8 Rxa8 26. Nd5 Bd6 27. b3 Na5 28.
Ne3 Bxh5 29. Nc4 Bc5+ 30. Be3 Bxe3+ 31. Nxe3 Nxc6 32. Rc1 Nd4 33. Rc4 Nxb3 34.
Rxb4 Nc5 35. Rb5 Ne6 36. Rxh5 Nxf4 37. Rb5 Re8 38. Nef5 Ng6 39. Nxg6 hxg6 40.
Nd6 Rd8 41. Rb6 g5 42. Kf2 Kh7 43. Kf3 Kg6 44. Ke4 Rh8 45. Rb7 Rh4+ 46. Kd5 g4
47. Rxg7+ 1/2-1/2

[Event "Let's Play Chess!"]
[Site "http://www.queenalice.com/game.php?id=1298124"]
[Date "2014.7.30"]
[Round "-"]
[White "gobblemate"]
[Black "TheSimple"]
[Result "0-1"]
[WhiteElo "1698"]
[BlackElo "1070"]

1. d4 d5 2. Nf3 Nf6 3. Nc3 e6 4. Bg5 Nbd7 5. e3 Be7 6. Bd3 O-O 7. O-O c5 8. dxc5
Nxc5 9. Be2 Nce4 10. Nd2 Nxg5 0-1

[Event "AUTO-OPEN-3299"]
[Site "http://www.queenalice.com/game.php?id=1298396"]
[Date "2014.7.31"]
[Round "1"]
[White "chessman"]
[Black "TheSimple"]
[Result "1-0"]
[WhiteElo "1959"]
[BlackElo "1070"]

1. e4 e5 2. Nf3 Nf6 3. Nxe5 d6 4. Nf3 Nxe4 5. d4 d5 6. Bd3 Bd6 7. O-O O-O 8. c4
c6 9. cxd5 cxd5 10. Nc3 Bf5 11. Bg5 Nxg5 12. Bxf5 1-0

[Event "AUTO-OPEN-3299"]
[Site "http://www.queenalice.com/game.php?id=1298397"]
[Date "2014.7.31"]
[Round "1"]
[White "TheSimple"]
[Black "chessman"]
[Result "0-1"]
[WhiteElo "1070"]
[BlackElo "1935"]

1. d4 d5 2. c4 c6 3. cxd5 cxd5 4. Nc3 e6 5. Nf3 Nc6 6. Bf4 Nf6 7. e3 Be7 8. Rc1
O-O 9. Bd3 Re8 10. O-O a6 11. Nd2 Bd7 12. Be5 h6 0-1

[Event "AUTO-OPEN-3299"]
[Site "http://www.queenalice.com/game.php?id=1298419"]
[Date "2014.7.31"]
[Round "1"]
[White "TheSimple"]
[Black "bferrari2310"]
[Result "0-1"]
[WhiteElo "1070"]
[BlackElo "1754"]

1. d4 f5 2. c4 e6 3. Nc3 Nf6 4. g3 Be7 5. Bg2 O-O 6. Nf3 d6 7. O-O h6 8. Nd2 Qe8
9. b4 b6 10. Bxa8 Nc6 0-1

[Event "Challenge"]
[Site "http://www.queenalice.com/game.php?id=1313427"]
[Date "2014.10.8"]
[Round "-"]
[White "mysticchess"]
[Black "TheSimple"]
[Result "1-0"]
[WhiteElo "1792"]
[BlackElo "1070"]

1. e4 e5 2. d3 f5 3. Nd2 Nf6 4. c3 fxe4 5. dxe4 Bc5 6. h3 d5 7. Qc2 O-O 8. Ngf3
Nc6 9. Nb3 Nxe4 10. Nxc5 Nxf2 11. Qxf2 e4 12. Bb5 exf3 13. gxf3 Qf6 14. f4 Ne5
15. Be3 Nc4 16. Bd4 Qxf4 17. Qxf4 Rxf4 18. O-O-O c6 19. Ba4 b5 20. Bc2 Bf5 21.
Bxf5 Rxf5 22. Ne6 Re8 23. Nxg7 Ree5 24. Nxf5 Rxf5 25. Rhg1+ 1-0

[Event "Challenge"]
[Site "http://www.queenalice.com/game.php?id=1317821"]
[Date "2014.10.25"]
[Round "-"]
[White "TheSimple"]
[Black "mysticchess"]
[Result "0-1"]
[WhiteElo "1070"]
[BlackElo "1810"]

1. d4 e6 2. c4 d6 3. Nc3 c6 4. e4 h6 5. Be2 Ne7 6. f4 Nd7 7. Nf3 Ng6 8. O-O Nb6
9. Qe1 Be7 10. c5 dxc5 11. Be3 c4 12. Ne5 O-O 13. Nxc4 Qc7 14. Rd1 e5 15. dxe5
Bh4 16. Bf2 Be7 17. Be3 f5 18. Nd6 Bxd6 19. exd6 Qd7 20. e5 Qe6 21. b3 Bd7 22.
Bxb6 axb6 23. Bc4 Rfe8 24. Bxe6+ Rxe6 25. a4 b5 26. axb5 Ra3 27. bxc6 bxc6 28.
Na4 Re8 29. Nc5 Rd8 30. e6 Bc8 31. e7 Re8 0-1

[Event "Challenge"]
[Site "http://www.queenalice.com/game.php?id=1318401"]
[Date "2014.10.28"]
[Round "-"]
[White "gobblemate"]
[Black "TheSimple"]
[Result "0-1"]
[WhiteElo "1817"]
[BlackElo "1070"]

1. d4 d5 2. Nf3 Nf6 3. c4 dxc4 4. Nc3 e6 5. e3 Bd6 6. Bxc4 O-O 7. O-O Nc6 8. Bd2
e5 9. d5 Ne7 10. e4 Bg4 11. Bg5 Kh8 12. Nb5 Nfg8 13. Nxd6 cxd6 14. Re1 h6 15.
Bd2 f5 16. Bd3 fxe4 17. Bxe4 Nf6 18. Qa4 Nxe4 19. Qxe4 Bxf3 20. gxf3 Nf5 21.
Rac1 Nd4 22. f4 Qh4 0-1

[Event "Challenge"]
[Site "http://www.queenalice.com/game.php?id=1318402"]
[Date "2014.10.28"]
[Round "-"]
[White "TheSimple"]
[Black "gobblemate"]
[Result "1-0"]
[WhiteElo "1070"]
[BlackElo "1075"]

1. d4 d5 2. c4 e6 3. cxd5 exd5 4. Nc3 Nf6 5. Nf3 Nc6 6. Bg5 Be7 7. e3 O-O 8. Rc1
Bg4 9. Be2 Ne4 10. Bf4 Nxc3 11. Rxc3 Bb4 12. O-O Bxc3 13. bxc3 a6 14. Ne5 Bxe2
15. Qxe2 Nxe5 16. Bxe5 Qe7 17. Qg4 f6 18. Bg3 c6 19. Bf4 Kh8 20. Qg3 Rad8 21.
Bc7 Rd7 22. Bb6 Qf7 23. a4 f5 24. Bc5 Re8 25. f4 Re6 26. a5 Qh5 27. Rf3 Rf7 28.
Qe1 1-0